000 00272nam a22001217a 4500
008 181023b xxu||||| |||| 00| 0 eng d
041 _aeng
080 _a316
100 _a50
101 _aSOC
245 _aSocial Change and Social Research
_cMann,R.S
942 _2udc
_cBK
999 _c50742
_d50742